Madrid, de capa y espada / (Record no. 102394)

MARC details
000 -LEADER
campo de control de longitud fija 00816nam a2200229 i 4500
001 - NÚMERO DE CONTROL
campo de control 102394
003 - IDENTIFICADOR DE NÚMERO DE CONTROL
campo de control ES-MaACL
005 - FECHA Y HORA DE LA ÚLTIMA TRANSACCIÓN
campo de control 20250610161239.0
007 - CAMPO FIJO DE DESCRIPCIÓN FÍSICA--INFORMACIÓN GENERAL
campo de control de longitud fija t|
008 - DATOS DE LONGITUD FIJA--INFORMACIÓN GENERAL
campo de control de longitud fija 051110s1963 sp ||||1| spa d
100 1# - ENTRADA PRINCIPAL--NOMBRE DE PERSONA
Nombre de persona Mendizábal, Federico de.
9 (RLIN) 80208
245 10 - MENCIÓN DEL TÍTULO
Título Madrid, de capa y espada /
Mención de responsabilidad, etc. Federico de Mendizábal; prólogo de Tomás Borrás; ofrendas poéticas de Alfredo de Aixa, Tomás Preciado, Antonio García Copado y Manuel Vegas.
260 ## - PUBLICACIÓN, DISTRIBUCIÓN, ETC.
Lugar de publicación, distribución, etc. Madrid :
Nombre del editor, distribuidor, etc. Col. Hispania,
Fecha de publicación, distribución, etc. 1963.
300 ## - DESCRIPCIÓN FÍSICA
Extensión 152 p. ;
Dimensiones 17 cm.
700 1# - ENTRADA AGREGADA--NOMBRE PERSONAL
Nombre de persona Borrás, Tomás,
Fechas asociadas al nombre 1891-1976
9 (RLIN) 30556
700 1# - ENTRADA AGREGADA--NOMBRE PERSONAL
Nombre de persona Aixa, Alfredo de.
9 (RLIN) 19006
700 1# - ENTRADA AGREGADA--NOMBRE PERSONAL
Nombre de persona Preciado, Tomás.
9 (RLIN) 93734
700 1# - ENTRADA AGREGADA--NOMBRE PERSONAL
Nombre de persona García Copado, Antonio.
9 (RLIN) 54380
700 1# - ENTRADA AGREGADA--NOMBRE PERSONAL
Nombre de persona Vegas, Manuel.
9 (RLIN) 113642
852 ## - LOCALIZACIÓN
Ubicación ES-MaACL
Número de control de estantería C-26507
Sublocalización o colección R.54405
Holdings
Estatus retirado Estado de pérdida Estado de daño No para préstamo Biblioteca de origen Biblioteca actual Ubicación en estantería Fecha de adquisición Fuente de adquisición Total de préstamos Signatura topográfica completa Código de barras Visto por última vez Precio de reemplazo Tipo de ítem Koha
        Biblioteca del Ateneo de Madrid Biblioteca del Ateneo de Madrid Depósito 2 17/01/2008     C-26507 1106888 23/02/2023 23/02/2023 Libro impreso